Riconosci il Pokémon - Quiz n°143 - Statistics

Statistiche generali
  • Questo quiz è stato fatto 1 volte
  • Il punteggio medio è 7 su 10
Statistiche sulle risposte
Indizio Risposta % Corretto
Peso 110,5 kg
100%
Altezza 1,10 m
100%
Sesso 50% ♂, 50% ♀
100%
Tipo Drago
100%
Stadio evoluzione Prima evoluzione
100%
Generazione Terza
100%
Abilità Testadura; Copricapo
100%
Tasso di cattura 45 (11.9%)
0%
Tasso di allevamento Lento
0%
Pokémon Shelgon
0%
Nessun quiz corrispondente trovato
Distribuzione punteggi
Percentuale di utenti per punteggio
Percentile per numero di risposta
I tuoi punteggi nel tempo
Non hai fatto questo quiz